<?xml version="1.0" encoding="UTF-8"?>
<record
    xmlns:xsi="http://www.w3.org/2001/XMLSchema-instance"
    xsi:schemaLocation="http://www.loc.gov/MARC21/slim http://www.loc.gov/standards/marcxml/schema/MARC21slim.xsd"
    xmlns="http://www.loc.gov/MARC21/slim">

  <leader>00614nam a22001937a 4500</leader>
  <datafield tag="999" ind1=" " ind2=" ">
    <subfield code="c">169868</subfield>
    <subfield code="d">169868</subfield>
  </datafield>
  <controlfield tag="005">20191206121651.0</controlfield>
  <datafield tag="010" ind1=" " ind2=" ">
    <subfield code="a">A-353742</subfield>
  </datafield>
  <datafield tag="020" ind1=" " ind2=" ">
    <subfield code="c">150.00</subfield>
    <subfield code="a">-</subfield>
  </datafield>
  <datafield tag="035" ind1=" " ind2=" ">
    <subfield code="a">A-353742</subfield>
  </datafield>
  <datafield tag="037" ind1=" " ind2=" ">
    <subfield code="b">BPPD</subfield>
  </datafield>
  <datafield tag="082" ind1=" " ind2=" ">
    <subfield code="a">230.22</subfield>
  </datafield>
  <datafield tag="100" ind1=" " ind2=" ">
    <subfield code="a">&#x627; &#x6AF;&#x631; &#x648; &#x627; &#x644; &#x62F; &#x6BE;&#x648; &#x646;&#x6CC; </subfield>
  </datafield>
  <datafield tag="245" ind1=" " ind2=" ">
    <subfield code="a">&#x634;&#x631; &#x6CC; &#x634;&#x648; &#x645;&#x6C1;&#x627; &#x67E;&#x631; &#x627; &#x646; </subfield>
    <subfield code="c">&#x627; &#x6AF;&#x631; &#x648; &#x627; &#x644; &#x62F; &#x6BE;&#x648; &#x646;&#x6CC; </subfield>
  </datafield>
  <datafield tag="246" ind1=" " ind2=" ">
    <subfield code="a">Shri Shiv Maha Puran</subfield>
    <subfield code="b">by Aggarwal Dhoni</subfield>
  </datafield>
  <datafield tag="260" ind1=" " ind2=" ">
    <subfield code="a">Delhi</subfield>
    <subfield code="c">1987 &#x621; </subfield>
    <subfield code="b">Dihati Pustak Bhandar</subfield>
  </datafield>
  <datafield tag="270" ind1=" " ind2=" ">
    <subfield code="a">Chawri BazarChowk,Barshah Bola,</subfield>
    <subfield code="b">Delhi</subfield>
    <subfield code="k">261030</subfield>
    <subfield code="e">110006</subfield>
  </datafield>
  <datafield tag="300" ind1=" " ind2=" ">
    <subfield code="a">752 &#x635;</subfield>
    <subfield code="c">22 cm(hb)</subfield>
  </datafield>
  <datafield tag="942" ind1=" " ind2=" ">
    <subfield code="2">ddc</subfield>
    <subfield code="c">UR</subfield>
    <subfield code="h">230.22</subfield>
    <subfield code="m">&#x627; &#x6AF; &#x631;  </subfield>
  </datafield>
  <datafield tag="952" ind1=" " ind2=" ">
    <subfield code="0">0</subfield>
    <subfield code="1">0</subfield>
    <subfield code="4">0</subfield>
    <subfield code="7">-1</subfield>
    <subfield code="8">NFIC</subfield>
    <subfield code="a">L</subfield>
    <subfield code="b">L</subfield>
    <subfield code="d">2019-12-06</subfield>
    <subfield code="e">BPPD/Ven.</subfield>
    <subfield code="g">150.00</subfield>
    <subfield code="l">0</subfield>
    <subfield code="o">230.22 &#x627; &#x6AF; &#x631;</subfield>
    <subfield code="p">A-353742</subfield>
    <subfield code="r">2019-12-06 00:00:00</subfield>
    <subfield code="t">1</subfield>
    <subfield code="v">150.00</subfield>
    <subfield code="w">2019-12-06</subfield>
    <subfield code="y">UR</subfield>
  </datafield>
</record>
